02012nam a2200265 u 4500001000800000005001700008007001000025008004100035035001200076040001300088041000800101080000800109100005200117245009900169260004300268520114500311650003101456650005101487650003401538650003001572700004701602856007701649502001201726526000801738140344420240129080647.0cr|||||||150314s2013 spa  a1403444 ccomduadb aspa aPCI10aGiraldo Sánchez, Giovanni Alexander4auteaut10aPráctica empresarial, evaluación hidráulica de la planta de potabilización manantiales aMedellín :b[sin publicador],c2013.3 aEl presente informe de prácticas, se basó en la evaluación hidráulica de las unidades de floculación y sedimentación de la planta de Potabilización Manantiales (Municipio de Bello), propiedad de Empresas Públicas de Medellín (EPM). En el año 2012 se cambiaron las placas de asbesto-cemento de los sedimentadores, por módulos de sedimentación tipo panal. Debido a estos cambios en los sedimentadores, al desconocimiento de los tipos de flujo en la planta y a problemas de comportamiento en los nuevos módulos, se decidió realizar una evaluación hidráulica en las unidades de sedimentación y de floculación mediante de la aplicación de cloruro de sodio como trazador, según la metodología recomendada por el CEPIS y la OMS. Para determinar la presencia de zonas muertas y cortocircuitos en las unidades se analizaron las curvas de concentración del trazador por los métodos de Wolf-Resnick y curva de tendencia. Como resultado se encontró que las unidades presentan cortocircuitos que reducen considerablemente los tiempos de retención del floc y reducen la eficiencia de los sedimentadores. aFloculadores hidráulicos aPlanta de tratamiento Manantiales (Medellín) aPlanta de tratamiento de agua aPotabilización del agua10aCañón Barriga, Julio Eduardo4thseths4 uhttps://drive.google.com/open?id=0BwecnWVz7HZoYTdMdnNSejZSUm8&authuser=0 b170c17 a172